000 00276nam a22000977a 4500
999 _c9028
_d9028
008 180122b ||||| |||| 00| 0 eng d
020 _a9798178502631
100 _95322
_aALI.A ET AL
245 _aI.T EXPERT WINDOWS-I ,II,III,IV,V,VI,VII,VIII
260 _aNEW DELHI
_bMILE STONE
_c2015